| 000 | 00566cam a2200217ua 4500 | ||
|---|---|---|---|
| 020 | _c10.00 | ||
| 041 |
_amal _h |
||
| 082 |
_a621.3 _bHEI/VA |
||
| 100 | _aGraff, Heinz . | ||
| 245 |
_aVaidhyutha engineering adhishtitha tatwangal, Vol 2 / _cHeinz Graff. _hTextual Documents |
||
| 250 |
_a1 / _b. |
||
| 260 |
_aThiruvananthapuram : _bState Instititute of Languages , _c1975. |
||
| 300 | _a234 ; . | ||
| 365 | _a10.00 | ||
| 504 | _a | ||
| 942 | _cBK | ||
| 999 |
_c10923 _d10923 |
||